00949cam a22002651 450000100060000000300080000600500170001400800410003103500190007204000320009104100110012308200210013410000220015524501000017726000300027730000260030735000090033350001080034250400500045060000380050060000570053865000360059565100340063170000180066517766BD-RjUL20211209000205.0140217s1968 enk b 001 1 eng d a(BD-RjUL)17824 aDLCcDLCdDLCdBD-RjULbeng1 aengger00a822.33bCLC 19681 aClemen, Wolfgang.12aA commentary on Shakespeare's Richard III :bEnglish version [of the German /cby Jean Bonheim. aLondon :bMethuen,c1968. axix, 247 p. ;c23 cm. a55/- aAbridged translation of Kommentar zu Shakespeares Richard III. Göttinge, Vandenhoek & Ruprecht, 1957. aIncludes bibliographical references and Index10aShakespeare, William,d1564-1616.00aRichardcKing of England,d1452-1485xIn literature. 0aKings and rulers in literature. 0aGreat BritainxIn literature.1 aBonheim, Jean